Rozvoj cestovného ruchu v regióne koncepcia rozvoja cestovného ruchu v stredisku cestovného ruchu

Bibliographic Details
Main Author: Konečná, Anna (Author)
Format: Book
Language:Slovak
PhysicalDescription:193 s. sch., tab. 21 cm
Published: Bratislava Ekonóm 1999
ISBN:8022511498
Subjects:

MARC

LEADER 00000nam a2200000 a 4500
001 vtls001375489
003 SK-MaSNL
005 20260301201405.0
008 240318s1999 xo ap r yy slo
015 |a SNBA1999/12-04711 
020 |a 8022511498  |c 97,00 Sk 
035 |a SNK000329394 
035 |a urn:nbn:sk:snk-amkk8o 
035 |a urn:nbn:sk:snk-am003c3a 
035 |a A5A3B17D-31EF-4AB6-9939-D44B010822B3 
040 |a SNK  |b slo  |c SNK  |e AACR2 
041 0 |a slo 
044 |a xo  |c SK 
080 |a 338.48  |2 1981 
100 1 |a Konečná, Anna  |4 aut  |9 376561 
245 1 0 |a Rozvoj cestovného ruchu v regióne  |b koncepcia rozvoja cestovného ruchu v stredisku cestovného ruchu  |c Anna Konečná 
260 |a Bratislava  |b Ekonóm  |c 1999 
300 |a 193 s.  |b sch., tab.  |c 21 cm 
500 |a 150 výt. 
504 |a Bibliogr. s. 187-193 
650 0 7 |a ruch cestovný  |x regióny  |x monografie  |2 SNK  |9 581917 
655 7 |a príručky  |2 SNK  |9 74364 
919 |a 80-225-1149-8 
958 |a TL 
958 |a NB 
999 |c 894607  |d 896537 
952 |t P60, <03>, [BOOK], {603}  |a SNK  |b SNK  |y PREZ  |7 0  |p 17A0214869  |o snkSC 99934  |i snkKSP 10533/99  |0 0  |1 0  |4 0  |d 1999-10-26  |f 1  |l 0  |r 2025-09-19 00:00:00  |w 2026-02-24 
952 |t P60, <04>, [BOOK], {604}  |a SNK  |b SNK  |y VYP  |7 0  |p 17A0214870  |o snkSC 99934 D1  |i snkKSP 10534/99  |0 0  |1 0  |4 0  |d 1999-10-26  |l 0  |r 2005-01-02 00:00:00  |w 2026-02-24 
952 |a SNK  |b SNK  |y VYP  |7 0  |p 17A0222656  |o snkSC 99934 D2  |i snkK 1256/99  |8 3  |0 0  |1 0  |4 0  |d 1999-12-20  |l 0  |r 2005-01-02 00:00:00  |w 2026-02-24